De la guerra a la integración: la transición y la seguridad en Centroamérica /
La problemática de la seguridad del Estado costarricense se aborda en esta ponencia desde dos ejes: el denominado "pasivo", centrado en la continuiddad del Plan de Esquipulas y en la seguridad ciudadana y de una u otra manera involucra no sólo el combate contra las drogas, sino también la...
Na minha lista:
| Autor principal: | |
|---|---|
| Autores corporativos: | , |
| Outros Autores: | |
| Formato: | Desconhecido |
| Publicado em: |
San José:
FFPP
|
| Assuntos: | |
| Tags: |
Adicionar Tag
Sem tags, seja o primeiro a adicionar uma tag!
|
MARC
| LEADER | 00000 a2200000 04500 | ||
|---|---|---|---|
| 001 | 26549 | ||
| 003 | |||
| 008 | 991231s d | ||
| 040 | |||
| 020 | |a 9977-17-013-4 | ||
| 022 | |a 9977-17-013-4 | ||
| 090 | |a 148902 | ||
| 100 | |a Solís Rivera, Luis Guillermo | ||
| 110 | |a FLACSO | ||
| 245 | |a De la guerra a la integración: la transición y la seguridad en Centroamérica / |c FLACSO | ||
| 260 | |a San José: |b FFPP | ||
| 300 | |a 185 p | ||
| 520 | |a La problemática de la seguridad del Estado costarricense se aborda en esta ponencia desde dos ejes: el denominado "pasivo", centrado en la continuiddad del Plan de Esquipulas y en la seguridad ciudadana y de una u otra manera involucra no sólo el combate contra las drogas, sino también la defensa del patrimonio marítimo y de la jurisdicción territorial. El peso de la influencia norteamericana en la definición de las políticas del Estado Nacional y de los intentos de éste, por alcanzar mayor autonomía en sus desiciones, llaman la atención de los estudiosos y obliga a pensar en Costa Rica la reestructuración de las fuerzas policiacas en el marco de las política interna de seguridad y en las decisiones del Estado para salvaguardar su soberanía. DOC/WMV | ||
| 650 | |a SEGURIDAD SOCIAL | ||
| 650 | |a POLITICA DE DEFENSA | ||
| 650 | |a CRISIS SOCIAL | ||
| 650 | |a LUCHA CONTRA LAS DROGAS | ||
| 650 | |a POLICIA | ||
| 700 | |a Rojas Aravena, Francisco | ||
| 710 | |a Fundación Arias para la Paz y el Progreso Humano | ||
| 999 | |c 10618 |d 10618 | ||



